| 000 | 00676nam a2200241 a 4500 | ||
|---|---|---|---|
| 005 | 20210219153518.0 | ||
| 008 | 991125n 000 0 u | ||
| 035 | _aUPN01000104431 | ||
| 100 | _aWirt, Frederick M. | ||
| 222 | _aCOMPARATIVE EDUCATION REVIEW | ||
| 245 | _aThe uses of comparative ethnicity research : guest editorial essay | ||
| 300 | _a1-8 | ||
| 362 | _a37, No. 1, 1993 | ||
| 505 | _aJulio 1993 | ||
| 653 | 0 | _aANALISIS COMPARATIVO | |
| 653 | 0 | _aEDUCACION COMPARADA | |
| 653 | 0 | _aESTUDIOS ETNICOS | |
| 653 | 0 | _aETHNICITY | |
| 653 | 0 | _aMETODOLOGIA DE LA INVESTIGACION | |
| 700 | _aShorish, M. Mobin | ||
| 904 |
_aAC _b042242 |
||
| 905 | _aArticulo | ||
| 999 |
_c78871 _d78871 |
||